Mamá quiero ser vendedor: con sentido del humor se vende mucho mejor

Guardat en:
Dades bibliogràfiques
Autor principal: Vizcaíno de Sas, Eduardo (Autor)
Format: Llibre
Idioma:espanyol
Publicat: Madrid Pearson educación 2005
Col·lecció:Negocios de Bolsillo
Matèries:
Etiquetes: Afegir etiqueta
Sense etiquetes, Sigues el primer a etiquetar aquest registre!

MARC

LEADER 00000nam a2200000 a 4500
001 UCJ2076
003 CL-VaPUC
008 061124e20050000SP |||||||||||||||||spa|d
020 |a 8420548707 
082 0 4 |a 658.82  |b VIZ  |2 21 
100 0 |a Vizcaíno de Sas, Eduardo  |e author  |9 503024 
245 1 0 |a Mamá quiero ser vendedor: con sentido del humor se vende mucho mejor 
300 |a 194 p 
942 |c BK 
945 |d 20061124 00:00:00  |a jtorresc 
260 |a Madrid  |b Pearson educación  |c 2005 
650 0 |a Vendedores  |9 365637 
650 0 |a Ventas  |9 259323 
650 0 |a Personal de ventas  |9 320590 
650 0 |a Marketing  |9 259324 
650 0 |a Administración de ventas  |9 260055 
650 0 |a Publicidad  |9 314572 
583 |a last modification  |c 20061124 00:00:00  |k Rodrigo Vera 
490 0 |a Negocios de Bolsillo 
999 |c 318491  |d 318489 
952 |0 0  |1 0  |4 0  |6 658_820000000000000_VIZ_2005  |7 0  |8 A  |9 396301  |a BIBENE  |b BIBENE  |d 2019-11-22  |i 427864K  |o 658.82 VIZ 2005  |p 427864K  |r 2025-01-15  |w 2019-11-22  |y BK  |k ICO